|
|
|
|
| LEADER |
00000nab a2200000 ar4500 |
| 001 |
vtls009965061 |
| 003 |
SK-MaSNL |
| 005 |
20260319074318.0 |
| 008 |
091030c20091010xo ||||||o| 000 b|hun |
| 015 |
|
|
|a SNBRB2009/10
|2 snkbucl
|
| 038 |
|
|
|a SNKBUCL
|
| 040 |
|
|
|a DSZK
|b slo
|c DSZK
|e AACR2
|
| 041 |
0 |
|
|a hun
|
| 044 |
|
|
|a xo
|c SK
|
| 080 |
|
|
|a 792.57
|2 2001
|
| 100 |
1 |
|
|a Csanda, Gábor,
|d 1963-
|4 aut
|9 98659
|
| 245 |
1 |
0 |
|a A néző öröme a Váci utcán
|b "drága barátaim, nyugodtan beszéljük meg, Ezek érzelmek, és nem az érvek ..."
|c Csanda Gábor
|
| 300 |
|
|
|b Fotogr.
|
| 500 |
|
|
|a L. Málková je režisérkou recenzovaného muzikálu
|
| 600 |
1 |
7 |
|a Málková, Lucie
|2 snkbucl
|9 1037353
|
| 610 |
2 |
7 |
|a Pesti Színház (Budapešť, Maďarsko)
|2 snkbucl
|9 1037354
|
| 630 |
0 |
7 |
|a A nő vágya (muzikál)
|2 snkbucl
|9 1037355
|
| 650 |
0 |
7 |
|a muzikály
|2 SNKPH
|9 3332
|
| 655 |
|
7 |
|a recenzie
|2 SNKPH
|9 21907
|
| 773 |
0 |
|
|t Új szó
|g Évf. 62, sz. 234 (10.10.2009), o. 14
|x 1335-7050
|
| 773 |
0 |
8 |
|i Mell.:
|t Szalon
|g Évf. 3, sz. 40 (2009)
|
| 852 |
|
|
|a SNK
|b KIS3GCP
|
| 852 |
|
|
|a DSZK
|b KIS3GCP
|
| 958 |
|
|
|a HU
|
| 958 |
|
|
|a SK
|
| 958 |
|
|
|a CZ
|
| 958 |
|
|
|a RC
|
| 999 |
|
|
|c 1705607
|d 1707537
|